| Tag |
First Indicator |
Second Indicator |
Subfields |
| LEADER |
00000cam a2200000 4500 |
| 001 |
in00000080620 |
| 005 |
20151008052949.0 |
| 008 |
720309s1958 mdu b 00000 eng u |
| 010 |
|
|
|a 58010987
|
| 035 |
|
|
|a (OCoLC)00259602
|
| 035 |
|
|
|9 AAH5642AM
|
| 040 |
|
|
|c CWR
|d TXA
|d UtOrBLW
|
| 049 |
|
|
|a TXAM
|c 1 [296864]
|
| 050 |
|
0 |
|a LC111
|b .D8
|
| 092 |
|
|
|a 377.1
|b D923w
|
| 100 |
1 |
|
|a Dunn, William Kailer.
|
| 245 |
1 |
0 |
|a What happened to religious education? :
|b The decline of religious teaching in the public elementary school, 1776-1861.
|
| 264 |
|
1 |
|a Baltimore :
|b Johns Hopkins Press,
|c 1958.
|
| 300 |
|
|
|a xv, 346 pages :
|b facsimiles
|
| 336 |
|
|
|a text
|b txt
|2 rdacontent
|
| 337 |
|
|
|a unmediated
|b n
|2 rdamedia
|
| 338 |
|
|
|a volume
|b nc
|2 rdacarrier
|
| 500 |
|
|
|a "A condensation and reworking, in some parts, of the writer's doctoral dissertation completed at the Johns Hopkins University in 1956. The title of the original work was The decline of the teaching of religion in the American public elementary school in the states originally the thirteen colonies, 1776-1861."
|
| 504 |
|
|
|a Bibliography: pages [313]-338.
|
| 650 |
|
0 |
|a Religious education
|z United States
|x History.
|
| 999 |
|
|
|a MARS
|
| 999 |
f |
f |
|s 31e23f01-0313-34a3-84e4-03f217f5de81
|i 462df962-55a8-3079-958f-d9c547e9ced3
|t 0
|
| 952 |
f |
f |
|p normal
|a Texas A&M University
|b College Station
|c Sterling C. Evans Library
|d Evans: Library Stacks
|t 0
|e LC111 .D8
|h Library of Congress classification
|i unmediated -- volume
|m A14800859642
|
| 998 |
f |
f |
|a LC111 .D8
|t 0
|l Evans: Library Stacks
|